Complejidad del grupo nominal en la descripción y diferenciación de variedades del lenguaje : un estudio de estilística /

Este artículo se centra en la noción de complejidad del grupo nominal, enfatizando su importancia como un marcador de estilo dentro del inglés periodístico en un corpus de titulares pertenecientes a los diarios nacionales británicos The Times, Daily Express y The Sun, con referencia especial a las n...

Full description

Bibliographic Details
Main Author: Gonzalez Rodríguez, María José
Format: Libro
Language:Spanish
Online Access:Acceso electrónico al documento

MARC

LEADER 00000cam a2200000 a 4500
001 042602
003 UAHC_CL
005 20170803124715.0
008 071212s cl 000 spa
040 |a UAHC_CL  |c UAHC_CL  |d UAHC_CL 
100 1 |a Gonzalez Rodríguez, María José 
245 1 0 |a Complejidad del grupo nominal en la descripción y diferenciación de variedades del lenguaje :  |b un estudio de estilística /  |c María José Gonzalez Rodríguez. 
500 |a En: RLA. Revista de lingüística teórica y aplicada , vol. 44, no. 2, 2006. pp. 29-46. ISSN 0718-4883Modo de acceso: Internet --(Página web visitada el 20 de diciembre 2007) 
520 |a Este artículo se centra en la noción de complejidad del grupo nominal, enfatizando su importancia como un marcador de estilo dentro del inglés periodístico en un corpus de titulares pertenecientes a los diarios nacionales británicos The Times, Daily Express y The Sun, con referencia especial a las noticias directas. La complejidad del grupo nominal se examina bajo el esquema teórico propuesto por Quirk et al. (1972, 1985). Sobre la base del análisis estructural del grupo nominal, me centro en la variación de los grupos nominales simples y complejos. De este modo, el objetivo principal de este trabajo es analizar posibles diferencias entre los grupos nominales en los titulares verbales y nominales, y mostrar qué tipos de titulares se prefieren en los diferentes tipos de periódicos hasta el punto de ser significativo para la caracterización de la variedad de titulares mostrada por estos distintos periódicos 
856 |u http://www.scielo.cl/pdf/rla/v44n2/art03.pdf  |3 Acceso electrónico al documento  |y Acceso electrónico al documento 
900 |a RLA. REV. LINGUêST. TEîR. APL.-02/06 
942 |c BK 
999 |c 42602  |d 42602